Analýza najväčších rakúskych a nemeckých spoločností pôsobiacich na Slovensku bakalárska práca

Na minha lista:
Detalhes bibliográficos
Autor principal: Kušnírová, Klaudia
Autor Corporativo: Fakulta medzinárodných vzťahov EU. Katedra medzinárodných ekonomických vzťahov a hospodárskej diplomacie
Outros Autores: Čiefová, Michaela, 1991-
Formato: Livro
Idioma:eslovaco
Publicado em: Bratislava 2018
Tags: Adicionar Tag
Sem tags, seja o primeiro a adicionar uma tag!

MARC

LEADER 00000nbm a2200000 4500
001 0244552
005 20180810103035.0
041 0 |a slo 
044 |a SK 
245 1 0 |a Analýza najväčších rakúskych a nemeckých spoločností pôsobiacich na Slovensku  |b bakalárska práca  |c Klaudia Kušnírová ; školiteľ: Michaela Čiefová 
264 1 |a Bratislava  |c 2018 
300 |a 61 s. 
100 1 |a Kušnírová, Klaudia 
700 1 |a Čiefová, Michaela, 1991- 
710 2 |a Fakulta medzinárodných vzťahov EU. Katedra medzinárodných ekonomických vzťahov a hospodárskej diplomacie